| 000 | 00588cam a2200229 a 4500 | ||
|---|---|---|---|
| 001 | 1371419 | ||
| 005 | 20180129035031.0 | ||
| 008 | 811124s1982 nyua b 000 0 eng | ||
| 010 | _a 81019034 | ||
| 020 | _a0883441322 (pbk.) | ||
| 020 | _a0883441330 | ||
| 040 |
_aDLC _cDLC _dDLC _dOCoLC |
||
| 041 | _aeng | ||
| 080 | _a363.8 CAH | ||
| 082 | 0 | 0 |
_a363.8 CAH _219 |
| 100 | _a52 | ||
| 101 | _aEKO | ||
| 245 | 0 | 0 |
_aFamine / _cedited by Kevin M. Cahill. |
| 504 | _aIncludes bibliographical references. | ||
| 906 |
_a7 _bcbc _corignew _d1 _eocip _f19 _gy-gencatlg |
||
| 942 |
_2ddc _cBK |
||
| 999 |
_c41120 _d41120 |
||